Making Contemporary Sculpture (Price Printed) (Record no. 11966)

000 -LEADER
fixed length control field 00475 a2200193 4500
003 - CONTROL NUMBER IDENTIFIER
control field OSt
005 - DATE AND TIME OF LATEST TRANSACTION
control field 20231116175717.0
008 - FIXED-LENGTH DATA ELEMENTS--GENERAL INFORMATION
fixed length control field 231116b ||||| |||| 00| 0 eng d
020 ## - INTERNATIONAL STANDARD BOOK NUMBER
International Standard Book Number 9781847974303
040 ## - CATALOGING SOURCE
Original cataloging agency BMSCA
041 ## - LANGUAGE CODE
Language code of text/sound track or separate title eng
082 ## - DEWEY DECIMAL CLASSIFICATION NUMBER
Classification number 735.24
Item number DAW
100 ## - MAIN ENTRY--PERSONAL NAME
Personal name Dawson
Dates associated with a name 1969-
245 ## - TITLE STATEMENT
Title Making Contemporary Sculpture (Price Printed)
260 ## - PUBLICATION, DISTRIBUTION, ETC. (IMPRINT)
Name of publisher, distributor, etc Crowood,
Place of publication, distribution, etc wiltshire:
300 ## - PHYSICAL DESCRIPTION
Extent XI,204p.:
Dimensions 22cm.
650 ## - SUBJECT ADDED ENTRY--TOPICAL TERM
Source of heading or term Contemporary Sculpture
942 ## - ADDED ENTRY ELEMENTS (KOHA)
Source of classification or shelving scheme
Holdings
Withdrawn status Lost status Source of classification or shelving scheme Damaged status Not for loan Permanent location Current location Date acquired Source of acquisition Cost, normal purchase price Barcode Date last seen Cost, replacement price Price effective from Koha item type
          BMS College of Architecture, Design and Planning BMS College of Architecture, Design and Planning 2023-11-16 10 1897.00 AR-RD213 2023-11-16 2710.00 2023-11-16 R&D Books
Copyright © 2025, The Librarian, Library and Information Centre, BMSCA D&P, Bengaluru. All Rights Reserved
web counter

Powered by Koha